| 000 | 00349nam a2200145Ia 4500 | ||
|---|---|---|---|
| 008 | 230917s9999||||xx |||||||||||||| ||und|| | ||
| 040 |
_e87776 _aMAIN |
||
| 041 | _aEnglish | ||
| 082 | _a820.9 S55F | ||
| 100 | _aSen, M K | ||
| 245 | 0 | _aFresh grounds in English literature | |
| 260 |
_aNew Delhi _bS Chand _c1974 |
||
| 300 | _a174 p. | ||
| 942 | _cBK | ||
| 999 |
_c129315 _d129315 |
||